Ecoles de commerce - Statistiques

Statistiques générales
  • Ce quiz a été pris 344 fois
  • Le résultat moyen est 8 sur 15
Statistiques - réponses
Hint Réponse % Correct
1 HEC
97%
2 Essec
92%
4 EM Lyon
81%
5 EDHEC
80%
6 Skema
75%
7 Neoma
72%
3 ESCP
71%
8 Audencia
65%
10 Kedge
65%
9 Grenoble EM
17%
14 ICN
13%
13 Montpellier BS
11%
15 Excelia
10%
11 TBS Education
7%
12 Rennes SB
4%
Aucun quiz correspondant
Distribution des résultats
% des personnes avec chaque résultat
Percentile par nombre de réponses
Votre historique - résultats
Vous n’avez pas pris ce quiz